000
00273nam a22001217a 4500
008
181126b xxu||||| |||| 00| 0 eng d
041
_a
eng
080
_a
821
100
_a
23
101
_a
GJU
245
_a
The Later Renaissance In England
_c
Baker.p
942
_2
udc
_c
BK
999
_c
52496
_d
52496